Konkurencija i koncentracija - regulirovanije "balansa sil" v ES.

Nadštátne regulovanie koncentrácie výroby a kapitálu v ES. Formy koncentrácie, ktoré sú regulované nadštátnymi inštitúciami. Vplyv na konkurenciu ako kritérium koncentrácie. Praktická realizácia pravidiel ES. Smery integračnej politiky. Skúsenosti ES z regulovania koncentrácie výroby a kapitálu a pr...

Full description

Saved in:
Bibliographic Details
Main Author: Jačeistova, N.
Format: Book Chapter
Language:Russian
Subjects:
Tags: Add Tag
No Tags, Be the first to tag this record!

MARC

LEADER 00000naa a2200000 4500
001 r011687
005 20221130113255.4
041 0 |a rus 
044 |a [SU] 
245 1 0 |a Konkurencija i koncentracija - regulirovanije "balansa sil" v ES.  |c N. Jačeistova 
520 |a Nadštátne regulovanie koncentrácie výroby a kapitálu v ES. Formy koncentrácie, ktoré sú regulované nadštátnymi inštitúciami. Vplyv na konkurenciu ako kritérium koncentrácie. Praktická realizácia pravidiel ES. Smery integračnej politiky. Skúsenosti ES z regulovania koncentrácie výroby a kapitálu a prechod k trhu v SNŠ. 
610 2 0 |a integrácia ekonomická medzinárodná 
610 2 0 |a Európske spoločenstvá 
610 2 0 |a koncentrácia výroby 
610 2 0 |a koncentrácia kapitálu 
610 2 0 |a konkurencia 
610 2 0 |a trh vnútorný 
610 2 0 |a regulácia hospodárska 
100 1 |a Jačeistova, N.